Gminy w powiecie wyszkowskim - Statystyki

Ogólne statystyki
  • Ten quiz został rozwiązany 40 razy
  • Średni wynik to 4 z 6
Statystyki odpowiedzi
Hint Odpowiedź % Poprawnych
Miejsko-wiejski Wyszków
97%
Wiejski Somianka
75%
Wiejski Rząśnik
72%
Wiejski Długosiodło
64%
Wiejski Zabrodzie
58%
Wiejski Brańszczyk
56%
Nie znaleziono quizów pasujących do podanych kryteriów
Rozkład punktacji
Procent ludzi z każdym wynikiem
Percentyl według liczby udzielonych odpowiedzi
Twoja historia wyników
Nie rozwiązałeś tego quizu